Real exchange rates and patterns of industrialization in East and South East Asia (Record no. 8806)

000 -LEADER
fixed length control field 00401pab a2200145 454500
008 - FIXED-LENGTH DATA ELEMENTS--GENERAL INFORMATION
fixed length control field 180718b1983 xxu||||| |||| 00| 0 eng d
100 ## - MAIN ENTRY--PERSONAL NAME
Personal name Shinohara, Miyohei
245 ## - TITLE STATEMENT
Title Real exchange rates and patterns of industrialization in East and South East Asia
260 ## - PUBLICATION, DISTRIBUTION, ETC.
Date of publication, distribution, etc. 1983
300 ## - PHYSICAL DESCRIPTION
Extent 357-75
362 ## - DATES OF PUBLICATION AND/OR SEQUENTIAL DESIGNATION
Dates of publication and/or sequential designation Dec.
650 ## - SUBJECT ADDED ENTRY--TOPICAL TERM
Topical term or geographic name entry element Foreign Exchange - Asia
773 ## - HOST ITEM ENTRY
Main entry heading Developing Economies
909 ## -
-- 8806
Holdings
Withdrawn status Lost status Damaged status Not for loan Permanent Location Current Location Date acquired Serial Enumeration / chronology Barcode Date last seen Price effective from Koha item type
        Indian Institute of Public Administration Indian Institute of Public Administration 2018-07-19 Volume no: 21, Issue no: 4 AR8820 2018-07-19 2018-07-19 Articles

Powered by Koha